[Event "4th GP Series, Knockout 2019"]
[Site "Jerusalem ISR"]
[Date "2019.12.12"]
[Round "2"]
[White "So, Wesley"]
[Black "Yu, Yangyi"]
[Result "1-0"]
[WhiteElo "2760"]
[BlackElo "2738"]
[PlyCount "75"]
[EventDate "2019.12.11"]

1. e4 e5 2. Nf3 Nf6 3. d4 Nxe4 4. dxe5 d5 5. Nbd2 Nxd2 6. Bxd2 Be7 7. Bd3 c5 8.
c3 Nc6 9. O-O Bg4 10. Re1 Qd7 11. h3 Bh5 12. Bf4 Qe6 13. Be2 O-O 14. Qd2 Bg6
15. Rad1 Be4 16. Ng5 Bxg5 17. Bxg5 h6 18. Be3 d4 19. cxd4 Rfd8 20. Qc3 Qg6 21.
g3 cxd4 22. Bxd4 Qe6 23. Kh2 Rac8 24. Qe3 Bf5 25. Bc3 Rxd1 26. Rxd1 Qxa2 27. g4
Be6 28. Qe4 Ne7 29. Qxb7 Nd5 30. Bd4 a5 31. Bf3 Qc4 32. b3 Qc2 33. Bxd5 Bxd5
34. Qxd5 Qxd1 35. e6 Qc2 36. exf7+ Kh7 37. Qe5 Qg6 38. Qe7 1-0

[Event "4th GP Series, Knockout 2019"]
[Site "Jerusalem ISR"]
[Date "2019.12.12"]
[Round "2"]
[White "Gelfand, Boris"]
[Black "Nepomniachtchi, Ian"]
[Result "1/2-1/2"]
[WhiteElo "2684"]
[BlackElo "2767"]
[PlyCount "69"]
[EventDate "2019.12.11"]

1. Nf3 c5 2. c4 Nc6 3. d4 cxd4 4. Nxd4 Nf6 5. Nc3 e6 6. g3 Qb6 7. Nb3 Ne5 8. e4
Bb4 9. Qe2 d6 10. Bd2 Bd7 11. f4 Ng6 12. e5 dxe5 13. fxe5 Ng8 14. c5 Qc7 15.
Ne4 Bxd2+ 16. Nbxd2 Nh6 17. Nd6+ Kf8 18. b4 Bc6 19. Bg2 Bxg2 20. Qxg2 Nxe5 21.
O-O Nf5 22. N2e4 a5 23. Nxf5 exf5 24. Nd6 g6 25. Qd5 f6 26. b5 Rb8 27. b6 Qd7
28. Rae1 h5 29. Rxe5 fxe5 30. Qxe5 Kg8 31. Ne4 Rf8 32. Nf6+ Rxf6 33. Qxf6 Kh7
34. Re1 Re8 35. Rxe8 1/2-1/2

[Event "4th GP Series, Knockout 2019"]
[Site "Jerusalem ISR"]
[Date "2019.12.12"]
[Round "2"]
[White "Karjakin, Sergey"]
[Black "Harikrishna, Pentala"]
[Result "1/2-1/2"]
[WhiteElo "2754"]
[BlackElo "2724"]
[PlyCount "53"]
[EventDate "2019.12.11"]

1. e4 e5 2. Nf3 Nc6 3. Bc4 Bc5 4. c3 Nf6 5. d4 exd4 6. e5 d5 7. Bb5 Ne4 8. cxd4
Bb6 9. Nc3 O-O 10. Be3 Bg4 11. h3 Bh5 12. Qc2 Ba5 13. O-O Bxf3 14. gxf3 Nxc3
15. bxc3 Qd7 16. Kh2 Nxd4 17. cxd4 Qxb5 18. Rg1 g6 19. Rab1 Qc4 20. Qxc4 dxc4
21. Rxb7 Rfb8 22. Rgb1 Rxb7 23. Rxb7 Bb6 24. d5 Rd8 25. Bg5 Ra8 26. Be3 Rd8 27.
Bg5 1/2-1/2

[Event "4th GP Series, Knockout 2019"]
[Site "Jerusalem ISR"]
[Date "2019.12.12"]
[Round "2"]
[White "Wang, Hao"]
[Black "Navara, David"]
[Result "1/2-1/2"]
[WhiteElo "2756"]
[BlackElo "2707"]
[PlyCount "181"]
[EventDate "2019.12.11"]

1. e4 e5 2. Nf3 Nc6 3. Bb5 Nf6 4. d3 Bc5 5. Bxc6 dxc6 6. Nbd2 Be6 7. Nb3 Bb6 8.
O-O Qd6 9. Be3 Bxe3 10. fxe3 c5 11. Nbd2 O-O 12. a4 Ne8 13. Ng5 f6 14. Nxe6
Qxe6 15. Qh5 Nd6 16. b3 b6 17. Nc4 a6 18. Rf3 b5 19. Nxd6 cxd6 20. Rh3 h6 21.
Qg6 Qe8 22. Rxh6 Qxg6 23. Rxg6 c4 24. dxc4 bxc4 25. Rd1 Rfd8 26. Kf2 Rab8 27.
bxc4 Kf7 28. Rg3 Rbc8 29. Rb1 Rd7 30. Rb6 a5 31. Ra6 Rxc4 32. Rxa5 Rxe4 33. Kf3
f5 34. Rh3 Rc7 35. Rh8 Rc3 36. Ra7+ Kg6 37. Rd7 Rcxe3+ 38. Kf2 Re2+ 39. Kf1
Re1+ 40. Kf2 R1e2+ 41. Kf1 Rxc2 42. Rxd6+ Kg5 43. Rg8 Rc7 44. a5 Ra4 45. Rd2
Rxa5 46. g3 Rca7 47. Kg2 Kg6 48. Rd6+ Kf7 49. Rdd8 Ra2+ 50. Kh3 Rf2 51. g4 f4
52. Rge8 Re7 53. Rf8+ Ke6 54. Ra8 Rc2 55. g5 Kd5 56. Kg4 g6 57. Ra4 Rg2+ 58.
Kf3 Rxg5 59. Ra5+ Ke6 60. Ra6+ Kd5 61. Ra5+ Kc6 62. Rf6+ Kb7 63. Raa6 Rh5 64.
Rfb6+ Kc8 65. Rxg6 Rxh2 66. Ra8+ Kb7 67. Rga6 Rc7 68. R8a7+ Kc8 69. Ra8+ Kd7
70. Rg6 Rc3+ 71. Ke4 Re2+ 72. Kf5 Kc7 73. Rg7+ Kb6 74. Rb8+ Ka6 75. Rg1 Ka7 76.
Rb5 Ra2 77. Rxe5 f3 78. Kf4 f2 79. Rf1 Kb6 80. Re3 Rc7 81. Rb3+ Ka5 82. Rb8
Ra4+ 83. Ke5 Re7+ 84. Kf6 Re2 85. Ra8+ Kb4 86. Rxa4+ Kxa4 87. Kg5 Kb5 88. Kg4
Kc4 89. Kg3 Kd4 90. Rxf2 Rxf2 91. Kxf2 1/2-1/2

[Event "4th GP Series, Knockout 2019"]
[Site "Jerusalem ISR"]
[Date "2019.12.12"]
[Round "2"]
[White "Jakovenko, Dmitry"]
[Black "Mamedyarov, Shakhriyar"]
[Result "1/2-1/2"]
[WhiteElo "2698"]
[BlackElo "2772"]
[PlyCount "67"]
[EventDate "2019.12.11"]

1. e4 c5 2. Nf3 e6 3. d4 cxd4 4. Nxd4 Nf6 5. Nc3 Nc6 6. Nxc6 bxc6 7. e5 Nd5 8.
Ne4 Qc7 9. f4 Qb6 10. c4 Bb4+ 11. Ke2 f5 12. Nf2 Ba6 13. Kf3 Ne7 14. Be3 Bc5
15. Bxc5 Qxc5 16. Qd6 Qb6 17. b3 c5 18. Rd1 Bb7+ 19. Ke3 Qxd6 20. exd6 Ng6 21.
h4 h5 22. Be2 Bxg2 23. Rhg1 Nxh4 24. Nd3 g5 25. fxg5 O-O 26. Kf2 Bc6 27. Kg3
Ng6 28. Bxh5 Kg7 29. Bxg6 Kxg6 30. Kf2 Rac8 31. Nf4+ Kg7 32. Nh5+ Kg6 33. Nf4+
Kg7 34. Nh5+ 1/2-1/2

[Event "4th GP Series, (tie-break) 2019"]
[Site "Jerusalem ISR"]
[Date "2019.12.13"]
[Round "1"]
[White "Vachier-Lagrave, Maxime"]
[Black "Topalov, Veselin"]
[Result "1-0"]
[WhiteElo "2780"]
[BlackElo "2737"]
[PlyCount "63"]
[EventDate "2019.12.11"]

1. e4 e5 2. Nf3 Nc6 3. Bb5 Nf6 4. O-O Nxe4 5. d4 Nd6 6. Bxc6 dxc6 7. dxe5 Nf5
8. Qxd8+ Kxd8 9. h3 Bd7 10. Rd1 Be7 11. g4 Nh4 12. Nxh4 Bxh4 13. Nd2 Kc8 14.
Nf3 Be7 15. Bg5 Bc5 16. Rd3 b6 17. Be3 Bxe3 18. Rxe3 h6 19. Rd1 c5 20. Nh4 g5
21. Nf5 Bxf5 22. gxf5 Kb7 23. Kg2 Rad8 24. Rxd8 Rxd8 25. Kf3 c4 26. Re4 b5 27.
Kg4 Kc8 28. e6 fxe6 29. fxe6 Rh8 30. Kf5 Kd8 31. e7+ Ke8 32. Kg6 1-0

[Event "4th GP Series, (tie-break) 2019"]
[Site "Jerusalem ISR"]
[Date "2019.12.13"]
[Round "1"]
[White "Wojtaszek, Radoslaw"]
[Black "Andreikin, Dmitry"]
[Result "1/2-1/2"]
[WhiteElo "2725"]
[BlackElo "2724"]
[PlyCount "71"]
[EventDate "2019.12.11"]

1. d4 e6 2. c4 Nf6 3. Nf3 d5 4. Nc3 Be7 5. Bf4 O-O 6. e3 Nbd7 7. Be2 dxc4 8.
O-O c5 9. dxc5 Bxc5 10. Bxc4 a6 11. Ng5 b5 12. Bxe6 fxe6 13. Nxe6 Qe8 14. Nxf8
Bxf8 15. Bd6 Bb7 16. Bxf8 Nxf8 17. a4 b4 18. Qb3+ Ne6 19. Qxb4 Rb8 20. Qc4 Rc8
21. Qb3 Rb8 22. Qc2 Ng5 23. Rae1 Bf3 24. Qf5 Qh5 25. h4 Qxh4 26. Qf4 Nh3+ 27.
gxh3 Qxh3 28. Qxb8+ Kf7 29. Qc7+ Kg8 30. Qb8+ Kf7 31. Qh2 Qg4+ 32. Qg3 Qh5 33.
Qc7+ Kg8 34. Qh2 Qg5+ 35. Qg3 Qh5 36. Qh2 1/2-1/2

[Event "4th GP Series, (tie-break) 2019"]
[Site "Jerusalem ISR"]
[Date "2019.12.13"]
[Round "1"]
[White "Nepomniachtchi, Ian"]
[Black "Gelfand, Boris"]
[Result "1-0"]
[WhiteElo "2767"]
[BlackElo "2684"]
[PlyCount "87"]
[EventDate "2019.12.11"]

1. e4 c5 2. Nf3 Nc6 3. Nc3 e5 4. Bc4 Be7 5. d3 d6 6. Nd2 Nf6 7. Nf1 Nd7 8. Nd5
Nb6 9. Nxb6 axb6 10. c3 O-O 11. h4 b5 12. Bxb5 d5 13. Ne3 d4 14. Nd5 f5 15. Bc4
Kh8 16. Qh5 Be6 17. Bg5 Bf7 18. Qf3 f4 19. Nxe7 Nxe7 20. Bxf7 Rxf7 21. Qh5 Rf8
22. O-O Qd6 23. Bxe7 Qxe7 24. cxd4 cxd4 25. Rfc1 f3 26. Qg5 Rf6 27. g3 Qd7 28.
Kh2 Re8 29. Rc5 h6 30. Qc1 g5 31. h5 Qf7 32. g4 Rf4 33. Qg1 Qd7 34. Kh3 b6 35.
Rc4 Qb5 36. b3 Ref8 37. Rac1 Qa5 38. R1c2 R8f7 39. Rc6 Kh7 40. Qc1 b5 41. Re6
Qd8 42. Rcc6 R4f6 43. Rxf6 Rxf6 44. Rc7+ 1-0

[Event "4th GP Series, (tie-break) 2019"]
[Site "Jerusalem ISR"]
[Date "2019.12.13"]
[Round "1"]
[White "Giri, Anish"]
[Black "Wei, Yi"]
[Result "1/2-1/2"]
[WhiteElo "2769"]
[BlackElo "2725"]
[PlyCount "50"]
[EventDate "2019.12.11"]

1. d4 Nf6 2. c4 g6 3. Nc3 d5 4. cxd5 Nxd5 5. e4 Nxc3 6. bxc3 Bg7 7. Bc4 c5 8.
Ne2 Nc6 9. Be3 O-O 10. O-O Na5 11. Bd3 b6 12. Rc1 cxd4 13. cxd4 e6 14. Qd2 Bb7
15. h4 Qd7 16. h5 Rfc8 17. h6 Bf8 18. Bg5 Rxc1 19. Rxc1 Rc8 20. Rxc8 Qxc8 21.
Ng3 Nc6 22. Bf6 Nb8 23. Bg5 Nc6 24. Bf6 Nb8 25. Bg5 Nc6 1/2-1/2

[Event "4th GP Series, (tie-break) 2019"]
[Site "Jerusalem ISR"]
[Date "2019.12.13"]
[Round "1"]
[White "Harikrishna, Pentala"]
[Black "Karjakin, Sergey"]
[Result "1/2-1/2"]
[WhiteElo "2724"]
[BlackElo "2754"]
[PlyCount "119"]
[EventDate "2019.12.11"]

1. d4 Nf6 2. c4 e6 3. g3 d5 4. Bg2 Be7 5. Nf3 O-O 6. Nc3 dxc4 7. Ne5 c5 8. dxc5
Qxd1+ 9. Nxd1 Bxc5 10. Ne3 c3 11. bxc3 Nbd7 12. Nd3 Rb8 13. Nc4 b6 14. Bf4 Bb7
15. Bxb7 Rxb7 16. Rb1 Nd5 17. Na5 Nxf4 18. Nxb7 Nxd3+ 19. exd3 Be7 20. c4 Rb8
21. c5 Ne5 22. f4 Nxd3+ 23. Ke2 Rxb7 24. Kxd3 Bxc5 25. Rhd1 Kf8 26. Kc4 Ke7 27.
Kb5 a5 28. Kc6 Ra7 29. a4 h5 30. Rd3 Kf6 31. Rd8 Kf5 32. Rxb6 Bxb6 33. Kxb6 Re7
34. Ra8 f6 35. Rxa5+ e5 36. fxe5 fxe5 37. Kc6 Re6+ 38. Kd5 Re8 39. Kc4 Ke4 40.
Kc3 Rc8+ 41. Kd2 Rc4 42. Ra8 Rd4+ 43. Kc2 Ke3 44. a5 e4 45. a6 Rd6 46. Kc3 Ke2
47. Re8 Rxa6 48. Rxe4+ Kf3 49. Re5 g6 50. Rg5 Rd6 51. h4 Ra6 52. Kd2 Kg2 53.
Ke2 Re6+ 54. Kd2 Kf3 55. Kd1 Ra6 56. Kd2 Rc6 57. Kd3 Rd6+ 58. Kc2 Ke3 59. g4
Rc6+ 60. Kb3 1/2-1/2

[Event "4th GP Series, (tie-break) 2019"]
[Site "Jerusalem ISR"]
[Date "2019.12.13"]
[Round "1"]
[White "Wang, Hao"]
[Black "Navara, David"]
[Result "1/2-1/2"]
[WhiteElo "2756"]
[BlackElo "2707"]
[PlyCount "168"]
[EventDate "2019.12.11"]

1. e4 e5 2. Nf3 Nc6 3. Bc4 Bc5 4. d3 Nf6 5. O-O O-O 6. Nbd2 d6 7. c3 a5 8. h3
h6 9. Re1 a4 10. Nf1 Ra5 11. a3 Be6 12. Bxe6 fxe6 13. d4 Bb6 14. Ng3 Qe8 15.
Nd2 d5 16. exd5 exd5 17. Nf3 e4 18. Nh4 Qd7 19. f3 exf3 20. Nxf3 Raa8 21. Qc2
Rae8 22. Bd2 Qd6 23. Nf5 Qd7 24. Ng3 Qd6 25. Nf5 Qd7 26. Nxh6+ gxh6 27. Bxh6
Ne4 28. Bxf8 Rxf8 29. Rxe4 dxe4 30. Qxe4 Qf5 31. Qe2 Rf7 32. Qc4 Kg7 33. Rf1
Ne7 34. Nd2 Qg6 35. Qxa4 Rxf1+ 36. Nxf1 c5 37. Qd7 Kf8 38. Qxb7 cxd4 39. Qf3+
Qf5 40. Qxf5+ Nxf5 41. cxd4 Bxd4+ 42. Kh2 Bxb2 43. a4 Be5+ 44. g3 Ke7 45. Kg2
Kd6 46. Kf3 Kd5 47. Kg4 Nd6 48. h4 Ne4 49. h5 Kc5 50. h6 Kd5 51. a5 Ke6 52. a6
Bd4 53. Kh5 Kf7 54. g4 Nf6+ 55. Kg5 Ne4+ 56. Kf5 Nd6+ 57. Kg5 Ne4+ 58. Kh5 Nf6+
59. Kh4 Kg6 60. Ng3 Bf2 61. Kh3 Kxh6 62. Kg2 Ba7 63. Kf3 Kg6 64. Ne4 Ne8 65.
Nc3 Nc7 66. Ke4 Kg5 67. Nd5 Nxa6 68. Kd3 Nc5+ 69. Kc4 Kxg4 70. Kb5 Nd7 71. Nb6
Ne5 72. Ka6 Bb8 73. Kb7 Bd6 74. Nd7 Ng6 75. Kc6 Ba3 76. Kd5 Kf5 77. Nc5 Ne7+
78. Kc4 Kf4 79. Nd3+ Ke3 80. Nb4 Ke4 81. Na2 Nf5 82. Nc3+ Ke5 83. Kd3 Nd6 84.
Nd1 Bc5 1/2-1/2

[Event "4th GP Series, (tie-break) 2019"]
[Site "Jerusalem ISR"]
[Date "2019.12.13"]
[Round "1"]
[White "Topalov, Veselin"]
[Black "Vachier-Lagrave, Maxime"]
[Result "0-1"]
[WhiteElo "2737"]
[BlackElo "2780"]
[PlyCount "80"]
[EventDate "2019.12.11"]

1. e4 c5 2. Nf3 d6 3. d4 cxd4 4. Nxd4 Nf6 5. Nc3 a6 6. Be3 Ng4 7. Bc1 Nf6 8.
Be2 e5 9. Nb3 Be7 10. Nd2 Nc6 11. Nc4 Nd4 12. Bd3 Bg4 13. f3 Be6 14. Ne3 O-O
15. O-O Nd7 16. Ncd5 Bg5 17. c3 Nc6 18. Kh1 Rc8 19. Nc4 Bxc1 20. Rxc1 Nf6 21.
Nce3 Bxd5 22. exd5 Ne7 23. c4 a5 24. Qd2 Nd7 25. Bb1 Nc5 26. f4 exf4 27. Rxf4
Ng6 28. Rff1 Qg5 29. Qf2 Ne5 30. h4 Qd8 31. Qg3 g6 32. Nf5 Kh8 33. Nd4 f5 34.
b3 Qf6 35. Rcd1 Rce8 36. a3 Ng4 37. Nxf5 gxf5 38. Rxf5 Qg7 39. Rg5 Nf2+ 40. Kh2
Qh6 0-1

[Event "4th GP Series, (tie-break) 2019"]
[Site "Jerusalem ISR"]
[Date "2019.12.13"]
[Round "1"]
[White "Andreikin, Dmitry"]
[Black "Wojtaszek, Radoslaw"]
[Result "1-0"]
[WhiteElo "2724"]
[BlackElo "2725"]
[PlyCount "107"]
[EventDate "2019.12.11"]

1. d4 Nf6 2. Nf3 d5 3. c4 e6 4. e3 Be7 5. Nc3 O-O 6. a3 c5 7. dxc5 dxc4 8. Qc2
Qa5 9. Bxc4 Qxc5 10. Bd3 b6 11. b4 Qc7 12. Bb2 Bb7 13. Rc1 Rc8 14. Qb1 Qd8 15.
O-O Nbd7 16. Rfd1 h6 17. e4 a5 18. e5 Nd5 19. Nxd5 Bxd5 20. Bh7+ Kh8 21. Be4
Rxc1 22. Bxc1 axb4 23. Bxd5 exd5 24. axb4 Nf8 25. Nd4 Qd7 26. Nf5 Ng6 27. Bb2
Bf8 28. Nxh6 Ra4 29. Re1 Nf4 30. e6 fxe6 31. g3 d4 32. Ng4 Nh3+ 33. Kg2 Ng5 34.
Ne5 Qd5+ 35. Kg1 Nh3+ 36. Kf1 Qh1+ 37. Ke2 Qg2 38. Bxd4 Kg8 39. Qb3 Qe4+ 40.
Be3 Rxb4 41. Qxe6+ Kh7 42. Qxh3+ Kg8 43. Nd3 Ra4 44. Rd1 Ra2+ 45. Rd2 Ra1 46.
f3 Qc4 47. Qg4 Qb3 48. Bf2 Qb1 49. Qe6+ Kh7 50. Qh3+ Kg8 51. Bd4 Ra7 52. Qe6+
Kh7 53. Qe4+ Kg8 54. Ne5 1-0

[Event "4th GP Series, (tie-break) 2019"]
[Site "Jerusalem ISR"]
[Date "2019.12.13"]
[Round "1"]
[White "Wei, Yi"]
[Black "Giri, Anish"]
[Result "1-0"]
[WhiteElo "2725"]
[BlackElo "2769"]
[PlyCount "71"]
[EventDate "2019.12.11"]

1. e4 c5 2. Be2 Nc6 3. f4 d5 4. d3 g6 5. Nf3 Nf6 6. e5 Nh5 7. O-O Ng7 8. Be3 d4
9. Bf2 Ne6 10. g3 Bg7 11. Nbd2 O-O 12. c3 f6 13. exf6 exf6 14. Qb3 Kh8 15. Rfe1
b6 16. Bf1 dxc3 17. bxc3 Nc7 18. Rad1 Be6 19. Qb2 Qd7 20. d4 cxd4 21. Nxd4 Nxd4
22. Bxd4 Bg4 23. Be2 Rae8 24. Bxg4 Qxg4 25. Nc4 Nd5 26. Qf2 Rd8 27. Rd3 Rfe8
28. Nd6 Rxe1+ 29. Qxe1 Kg8 30. Ne8 Nxf4 31. Qe7 Nh3+ 32. Kf1 Qf5+ 33. Kg2 Rd7
34. Nxf6+ Bxf6 35. Qe8+ Kg7 36. Qxd7+ 1-0

[Event "4th GP Series, (tie-break) 2019"]
[Site "Jerusalem ISR"]
[Date "2019.12.13"]
[Round "1"]
[White "Karjakin, Sergey"]
[Black "Harikrishna, Pentala"]
[Result "1/2-1/2"]
[WhiteElo "2754"]
[BlackElo "2724"]
[PlyCount "74"]
[EventDate "2019.12.11"]

1. e4 e5 2. Nf3 Nc6 3. Bc4 Bc5 4. c3 Nf6 5. d3 O-O 6. O-O d6 7. h3 h6 8. Re1 a6
9. a4 Ba7 10. Nbd2 Re8 11. b4 Be6 12. Bxe6 Rxe6 13. Bb2 Qd7 14. Nf1 Rd8 15. Ng3
d5 16. Qc2 b5 17. axb5 axb5 18. Rad1 dxe4 19. dxe4 Rd6 20. Rxd6 cxd6 21. Bc1 d5
22. exd5 Qxd5 23. Be3 e4 24. Nxe4 Qxe4 25. Qxe4 Nxe4 26. Bxa7 Nxc3 27. Bc5 Na4
28. Be3 Nxb4 29. Rb1 Nc2 30. Rxb5 Nxe3 31. fxe3 Nc3 32. Rb3 Ne4 33. Rb4 Re8 34.
Rd4 g6 35. Kf1 Kg7 36. Ke2 f5 37. Nd2 Nxd2 1/2-1/2

[Event "4th GP Series, (tie-break) 2019"]
[Site "Jerusalem ISR"]
[Date "2019.12.13"]
[Round "1"]
[White "Navara, David"]
[Black "Wang, Hao"]
[Result "1/2-1/2"]
[WhiteElo "2707"]
[BlackElo "2756"]
[PlyCount "76"]
[EventDate "2019.12.11"]

1. d4 d5 2. c4 e6 3. Nf3 Nf6 4. g3 Be7 5. Bg2 O-O 6. Nc3 Nbd7 7. Qd3 c6 8. O-O
b6 9. b3 Bb7 10. Rd1 Rc8 11. e4 dxe4 12. Nxe4 c5 13. Nxf6+ Nxf6 14. Bb2 cxd4
15. Nxd4 Bxg2 16. Kxg2 a6 17. Qf3 Qc7 18. a3 Rfd8 19. b4 Nd7 20. Rac1 Bf6 21.
Qe4 h6 22. Ba1 Kh8 23. h4 Kg8 24. b5 Nc5 25. Qg4 Bxd4 26. Bxd4 Rxd4 27. Rxd4
Nb3 28. bxa6 Nxc1 29. Qd1 Qc6+ 30. Kg1 Qa8 31. Qxc1 Qxa6 32. Qc3 Qb7 33. h5 Qc7
34. Qd3 Qc5 35. Rd7 Rf8 36. Rb7 Qc6 37. Rd7 Qc5 38. Rb7 Qc6 1/2-1/2

[Event "4th GP Series, (tie-break) 2019"]
[Site "Jerusalem ISR"]
[Date "2019.12.13"]
[Round "1"]
[White "Jakovenko, Dmitry"]
[Black "Mamedyarov, Shakhriyar"]
[Result "1-0"]
[WhiteElo "2698"]
[BlackElo "2772"]
[PlyCount "81"]
[EventDate "2019.12.11"]

1. e4 e5 2. Nf3 Nc6 3. Bc4 Bc5 4. c3 Nf6 5. d3 d6 6. O-O a6 7. a4 Ba7 8. Re1
Ng4 9. Re2 Qf6 10. Nbd2 g5 11. d4 Rg8 12. Nf1 exd4 13. e5 dxe5 14. cxd4 Kf8 15.
h3 Nxd4 16. Nxd4 Bxd4 17. hxg4 Bxg4 18. Be3 Rd8 19. Qc2 Bxe2 20. Bxe2 Kg7 21.
Ng3 Kh8 22. Ra3 g4 23. Qxc7 Rc8 24. Qxb7 Rc1+ 25. Nf1 g3 26. Bxd4 exd4 27. Rf3
Qe5 28. Bd3 gxf2+ 29. Rxf2 Qe3 30. Qxa6 Rd1 31. Bc2 Rc1 32. Qd3 Rg6 33. a5 Rh6
34. a6 Qe5 35. g3 Qd5 36. Rh2 Rg6 37. a7 Ra1 38. Qe4 Qd8 39. Qe5+ Qf6 40. Qb8+
Kg7 41. Rf2 1-0

[Event "4th GP Series, (tie-break) 2019"]
[Site "Jerusalem ISR"]
[Date "2019.12.13"]
[Round "1"]
[White "Navara, David"]
[Black "Wang, Hao"]
[Result "1/2-1/2"]
[WhiteElo "2707"]
[BlackElo "2756"]
[PlyCount "82"]
[EventDate "2019.12.11"]

1. d4 d5 2. c4 c6 3. Nf3 Nf6 4. e3 Bf5 5. Nc3 e6 6. Nh4 Bg6 7. Be2 Nbd7 8. O-O
Bd6 9. g3 O-O 10. Nxg6 hxg6 11. Qb3 Rb8 12. a4 a5 13. Rd1 Qe7 14. Qc2 Rfd8 15.
b3 Rbc8 16. Bb2 Bb4 17. Na2 Bd6 18. Rac1 Ne4 19. Nc3 Nxc3 20. Bxc3 Bb4 21. Qd2
Bxc3 22. Qxc3 Ra8 23. Bf3 Nf6 24. h4 Ne8 25. e4 dxe4 26. Bxe4 Nf6 27. Bf3 Rd7
28. Rd2 e5 29. dxe5 Rxd2 30. Qxd2 Qxe5 31. b4 axb4 32. Qxb4 Qc7 33. Rb1 Ra7 34.
a5 Rxa5 35. Qxb7 Qxb7 36. Rxb7 Rc5 37. Rb8+ Kh7 38. Rf8 Nd7 39. Rxf7 Ne5 40.
Rf8 Nxf3+ 41. Rxf3 Rxc4 1/2-1/2

[Event "4th GP Series, (tie-break) 2019"]
[Site "Jerusalem ISR"]
[Date "2019.12.13"]
[Round "1"]
[White "Karjakin, Sergey"]
[Black "Harikrishna, Pentala"]
[Result "1/2-1/2"]
[WhiteElo "2754"]
[BlackElo "2724"]
[PlyCount "86"]
[EventDate "2019.12.11"]

1. e4 e5 2. Nf3 Nc6 3. Bc4 Bc5 4. O-O Nf6 5. d3 d6 6. c3 O-O 7. h3 h6 8. Re1 a6
9. a4 Ba7 10. Nbd2 Re8 11. b4 Be6 12. Bxe6 Rxe6 13. Bb2 Qd7 14. Nf1 Rd8 15. b5
Ne7 16. c4 Nh5 17. Nd4 Bxd4 18. Bxd4 Nf6 19. Bc3 Ng6 20. Ng3 axb5 21. cxb5 c6
22. bxc6 Qxc6 23. Qb3 d5 24. Rec1 Qa6 25. Qb5 Nf4 26. Qxa6 bxa6 27. Rd1 Rc8 28.
Bd2 Nxd3 29. exd5 Nxd5 30. Bxh6 e4 31. Be3 Nxe3 32. fxe3 Rc3 33. Ne2 Rc4 34.
Rdb1 Nb4 35. Rd1 Nc2 36. Rd8+ Kh7 37. Rf1 f6 38. Rf5 Re5 39. Rxe5 fxe5 40. Rd5
Rxa4 41. Rxe5 Nxe3 42. Nc3 Ra1+ 43. Kf2 Nd1+ 1/2-1/2

[Event "4th GP Series, (tie-break) 2019"]
[Site "Jerusalem ISR"]
[Date "2019.12.13"]
[Round "1"]
[White "Wang, Hao"]
[Black "Navara, David"]
[Result "1/2-1/2"]
[WhiteElo "2756"]
[BlackElo "2707"]
[PlyCount "96"]
[EventDate "2019.12.11"]

1. Nf3 Nf6 2. c4 e6 3. g3 d5 4. Bg2 Be7 5. O-O O-O 6. d4 dxc4 7. Ne5 Nc6 8.
Nxc6 bxc6 9. Na3 Bxa3 10. bxa3 Rb8 11. a4 Qd6 12. e4 e5 13. dxe5 Qxe5 14. Bf4
Qa5 15. Qd4 c5 16. Qe5 Re8 17. Qxc7 Qxc7 18. Bxc7 Rb7 19. Ba5 Nxe4 20. Rac1
Rbe7 21. Rfe1 Ba6 22. f3 Nf6 23. Rxe7 Rxe7 24. Bf1 h6 25. Kf2 Nd7 26. Bc3 Nb6
27. a5 Nd5 28. Be1 Nb4 29. Bxb4 cxb4 30. Rb1 Re5 31. Rxb4 Rxa5 32. a4 c3 33.
Bxa6 Rxa6 34. Rc4 c2 35. Rxc2 Rxa4 36. g4 a5 37. Rc8+ Kh7 38. Ra8 h5 39. gxh5
Ra1 40. Ra6 f6 41. Ra8 a4 42. Kg3 a3 43. Kf4 Ra2 44. h3 Ra1 45. Kf5 Ra2 46. Kf4
Ra1 47. Kf5 a2 48. f4 Rh1 1/2-1/2

[Event "4th GP Series, (tie-break) 2019"]
[Site "Jerusalem ISR"]
[Date "2019.12.13"]
[Round "1"]
[White "Jakovenko, Dmitry"]
[Black "Mamedyarov, Shakhriyar"]
[Result "1-0"]
[WhiteElo "2698"]
[BlackElo "2772"]
[PlyCount "115"]
[EventDate "2019.12.11"]

1. e4 e5 2. Nf3 Nc6 3. Bc4 Bc5 4. c3 Nf6 5. d3 d6 6. O-O a6 7. a4 Ba7 8. Nbd2
Qe7 9. b4 O-O 10. h3 Be6 11. Re1 h6 12. Bxe6 fxe6 13. Nf1 Qf7 14. Be3 Bxe3 15.
Rxe3 Ne7 16. d4 Nd7 17. Qc2 Ng6 18. N1h2 a5 19. b5 Rac8 20. Ng4 h5 21. Ngh2 Qf6
22. Rd1 Nh8 23. dxe5 Nxe5 24. Nxe5 Qxe5 25. Nf3 Qf4 26. c4 Nf7 27. c5 e5 28.
Rc1 Kh8 29. cxd6 Nxd6 30. Rd1 Qf6 31. Rd5 Rfe8 32. Rc5 Re7 33. Rec3 Ne8 34. b6
c6 35. Rxa5 Nd6 36. Rac5 g5 37. a5 g4 38. Nh2 Rg8 39. a6 Qf4 40. axb7 Reg7 41.
hxg4 hxg4 42. Qc1 g3 43. Qxf4 exf4 44. Rh5+ Rh7 45. Rxh7+ Kxh7 46. fxg3 fxg3
47. Rxg3 Rb8 48. Rc3 Rxb7 49. Rxc6 Nxe4 50. Nf3 Kg7 51. Nd4 Kf7 52. Rc7+ Rxc7
53. bxc7 Nd6 54. Nb5 Nc8 55. g4 Ke6 56. Kf2 Kd5 57. g5 Ne7 58. Na7 1-0

[Event "4th GP Series, (tie-break) 2019"]
[Site "Jerusalem ISR"]
[Date "2019.12.13"]
[Round "1"]
[White "Harikrishna, Pentala"]
[Black "Karjakin, Sergey"]
[Result "1/2-1/2"]
[WhiteElo "2724"]
[BlackElo "2754"]
[PlyCount "147"]
[EventDate "2019.12.11"]

1. d4 Nf6 2. c4 e6 3. Nf3 d5 4. Nc3 Be7 5. Bf4 O-O 6. e3 b6 7. Bd3 dxc4 8. Bxc4
Ba6 9. Qe2 Bxc4 10. Qxc4 c5 11. dxc5 Bxc5 12. O-O Qc8 13. Rac1 Nbd7 14. Nb5 Qa6
15. Nc7 Qxc4 16. Rxc4 Rad8 17. h3 h6 18. Rfc1 Nd5 19. Nxd5 exd5 20. R4c3 Nf6
21. Rd3 Rfe8 22. Rcd1 Bd6 23. Bxd6 Rxd6 24. Rc3 Rd7 25. Rdc1 g6 26. Nd4 Ne4 27.
Rc7 Ree7 28. Rc8+ Kg7 29. b4 Nd6 30. R8c6 Nc4 31. a4 Re8 32. Nb5 Red8 33. Rd1
h5 34. Rd4 Ne5 35. Rc7 Kf6 36. Rxa7 Rxa7 37. Nxa7 Ra8 38. Nb5 Rxa4 39. Nc3 Ra1+
40. Kh2 Nc6 41. Nxd5+ Ke5 42. Rd2 b5 43. Kg3 Rb1 44. Nc3 Rxb4 45. Rd5+ Ke6 46.
Rxb5 Rc4 47. Ne2 Kf6 48. h4 Ne7 49. Nd4 Nf5+ 50. Nxf5 gxf5 51. Rb6+ Kg7 52. Rd6
f6 53. Rd4 Rc2 54. Kf3 Ra2 55. g3 Kg6 56. Rd8 Kg7 57. Rd4 Kg6 58. Rd1 Kg7 59.
Re1 Kg6 60. Re2 Ra4 61. Rb2 Rc4 62. Kg2 Rc1 63. f3 Rc3 64. Kf2 Ra3 65. Re2 Ra1
66. e4 fxe4 67. Rxe4 Ra3 68. Kg2 Ra2+ 69. Kf1 Ra3 70. Kf2 Rb3 71. g4 hxg4 72.
fxg4 Rh3 73. g5 fxg5 74. hxg5 1/2-1/2

[Event "4th GP Series, (tie-break) 2019"]
[Site "Jerusalem ISR"]
[Date "2019.12.13"]
[Round "1"]
[White "Wang, Hao"]
[Black "Navara, David"]
[Result "1/2-1/2"]
[WhiteElo "2756"]
[BlackElo "2707"]
[PlyCount "129"]
[EventDate "2019.12.11"]

1. e4 e5 2. Nf3 Nc6 3. Bb5 Nf6 4. d3 Bc5 5. Bxc6 dxc6 6. Nbd2 Be6 7. O-O Bd6 8.
d4 Nd7 9. dxe5 Nxe5 10. Nxe5 Bxe5 11. f4 Bd4+ 12. Kh1 f5 13. Qh5+ g6 14. Qe2
O-O 15. Nf3 Bf6 16. e5 Be7 17. Rd1 Qc8 18. c4 c5 19. b3 b6 20. Be3 Qb7 21. Ne1
a5 22. a4 Rfd8 23. Qf3 Qxf3 24. Nxf3 Rxd1+ 25. Rxd1 b5 26. axb5 a4 27. Ra1 Rd8
28. bxa4 Bxc4 29. Rc1 Bb3 30. a5 c4 31. Bd4 Ba3 32. Ra1 Bb4 33. a6 c3 34. a7
Bd5 35. Rc1 Be4 36. Bxc3 Bxc3 37. Rxc3 Rd1+ 38. Ng1 Rd2 39. Rg3 Ra2 40. h4 Rxa7
41. h5 Ra5 42. hxg6 hxg6 43. Rxg6+ Kf7 44. Rf6+ Ke7 45. Nh3 Ra2 46. Rg6 Rb2 47.
Kh2 Rxb5 48. Rg7+ Kf8 49. Rg6 Rb2 50. Kg1 Rb1+ 51. Kf2 Rb2+ 52. Kg1 Rb1+ 53.
Kh2 Rb2 54. Ng5 Rxg2+ 55. Kh3 Rf2 56. Ra6 Ke7 57. Ra7 Rxf4 58. Rxc7+ Ke8 59. e6
Rg4 60. Nf7 Kf8 61. Nd6 Rg7 62. Rxg7 Kxg7 63. e7 Bc6 64. Nxf5+ Kf6 65. Nd4
1/2-1/2

[Event "4th GP Series, (tie-break) 2019"]
[Site "Jerusalem ISR"]
[Date "2019.12.13"]
[Round "1"]
[White "Karjakin, Sergey"]
[Black "Harikrishna, Pentala"]
[Result "1/2-1/2"]
[WhiteElo "2754"]
[BlackElo "2724"]
[PlyCount "69"]
[EventDate "2019.12.11"]

1. e4 e5 2. Nf3 Nc6 3. Bc4 Bc5 4. O-O Nf6 5. d3 O-O 6. c3 d6 7. h3 h6 8. Re1 a6
9. a4 Ba7 10. Nbd2 Re8 11. b4 Be6 12. Bxe6 Rxe6 13. Bb2 Qd7 14. Nf1 b5 15. Ng3
Rd8 16. axb5 axb5 17. c4 Bb6 18. Bc3 Nd4 19. Bxd4 Bxd4 20. Nxd4 exd4 21. Qc2
bxc4 22. Qxc4 d5 23. exd5 Rb6 24. Re5 Nxd5 25. Rae1 Nf4 26. Nf5 Re6 27. h4 Rde8
28. Rxe6 Rxe6 29. Rxe6 Nxe6 30. b5 h5 31. Kf1 g6 32. Qd5 Qe8 33. Nxd4 Nxd4 34.
Qxd4 Qxb5 35. g3 1/2-1/2